This means war: who wins the most blood money - Statistics

General Stats
  • This quiz has been taken 19 times
  • The average score is 16 of 20
Answer Stats
Hint Answer % Correct
4. France
100%
3. Russia
100%
5. Trans-European (EADS)
100%
2. UK
100%
1. USA
100%
10. Germany
94%
6. Italy
94%
7. Japan
88%
16. Canada
81%
11. India
81%
13. Brazil
75%
9. South Korea
75%
19. Sweden
75%
17. Turkey
75%
15. Norway
69%
17. Finland
63%
20. Ukraine
63%
8. Israel
56%
14. Switzerland
50%
12. Singapore
13%
No matching quizzes found
Score Distribution
Percent of People with Each Score
Percentile by Number Answered
Your Score History
You have not taken this quiz